聖靈在翱翔 : 在舊約裡禱告 = Sheng ling zai ao xiang : (Record no. 53220)
[ view plain ]
| 000 -LEADER | |
|---|---|
| fixed length control field | 01055nam a22002057a 4500 |
| 005 - DATE AND TIME OF LATEST TRANSACTION | |
| control field | 20240917143036.0 |
| 008 - FIXED-LENGTH DATA ELEMENTS--GENERAL INFORMATION | |
| fixed length control field | 240917b |||||||| |||| 00| 0 eng d |
| 020 ## - INTERNATIONAL STANDARD BOOK NUMBER | |
| International Standard Book Number | 9789861984131 |
| 040 ## - CATALOGING SOURCE | |
| Original cataloging agency | BSOP |
| 050 ## - LIBRARY OF CONGRESS CALL NUMBER | |
| Classification number | BV245 |
| Item number | Ye4 |
| 100 ## - MAIN ENTRY--PERSONAL NAME | |
| Personal name | Yeo, K. K. |
| 245 ## - TITLE STATEMENT | |
| Title | 聖靈在翱翔 : 在舊約裡禱告 = Sheng ling zai ao xiang : |
| Remainder of title | zai jiu yue li dao gao =The spirit hovers : journeying through chaos with prayers {ch} / |
| Statement of responsibility, etc | K. K. Yeo. |
| 260 ## - PUBLICATION, DISTRIBUTION, ETC. (IMPRINT) | |
| Place of publication, distribution, etc | 新北市 : |
| Name of publisher, distributor, etc | 校園書房出版社, |
| Date of publication, distribution, etc | 2015. |
| 300 ## - PHYSICAL DESCRIPTION | |
| Extent | 205p. : |
| Other physical details | ill. ; |
| Dimensions | 19cm. |
| 440 ## - SERIES STATEMENT/ADDED ENTRY--TITLE | |
| Title | Spirituality. |
| 500 ## - GENERAL NOTE | |
| General note | Supplement : 聖靈在翱翔 : 在舊約裡禱告 = The spirit hovers : journeying through chaos with prayers / 楊克勤 = K.K. Yeo 著; 海珂·葛伯莉 = Heike Goebel, 王兆璽 = Charles Wang 繪; 王凡, 林梅芬譯.<br/><br/>Translation of: The Spirit hovers : journeying through chaos with prayers / K.K. Yeo; Eugene, Or. : Cascade Books, |
| 650 ## - SUBJECT ADDED ENTRY--TOPICAL TERM | |
| Topical term or geographic name as entry element | Aesthetics -- Religious aspects -- Christianity {ch}. |
| 650 ## - SUBJECT ADDED ENTRY--TOPICAL TERM | |
| Topical term or geographic name as entry element | Christian art and symbolism {ch}. |
| 942 ## - ADDED ENTRY ELEMENTS (KOHA) | |
| Source of classification or shelving scheme | Library of Congress Classification |
| Item type | Books |
| Withdrawn status | Lost status | Source of classification or shelving scheme | Damaged status | Not for loan | Home library | Current library | Shelving location | Date acquired | Cost, normal purchase price | Inventory number | Total Checkouts | Full call number | Barcode | Date last seen | Price effective from | Koha item type | Copy number |
|---|---|---|---|---|---|---|---|---|---|---|---|---|---|---|---|---|---|
| Library of Congress Classification | BSOP Library | BSOP Library | Chinese Books (General Circulation) | 09/01/2016 | 380.00 | C-16944 | BV245 Ye4 2015 | 00061080 | 09/17/2024 | 09/17/2024 | Books | ||||||
| Library of Congress Classification | BSOP Library | BSOP Library | Chinese Books (General Circulation) | 09/01/2016 | 380.00 | C-16943 | BV245 Ye4 2015 | 00061081 | 09/17/2024 | 09/17/2024 | Books | c.2 |
